• 首页
  • 本馆介绍
  • 公告通知
  • 最新文献
  • 馆藏检索
  • 电子资源
  • 读者导购
  • 参考咨询
  • 我的图书馆
  • 登录
  • 详细信息显示
  • 放入我的书架
  • 预约/预借图书
  • 作者相关作品
  • 分类相关作品
  • 丛书相关作品
  • 出版社相关作品

书目信息

  • 表格格式
  • 工作单格式
  • 卡片格式
题名:
杨怀远
    
 
作者: 夏冬波 著
分册:  
出版信息: 长春   吉林文史出版社  2012
页数: 126页
开本: 22cm
丛书名: 《100位新中国成立以来感动中国人物》丛书
单 册:
中图分类: K828.1=76 , K828.1
科图分类:
主题词: 水路运输--旅客运输--乘务人员--生平事迹--中国--现代
电子资源:
ISBN: 978-7-5472-1149-6
000 00776oam2 2200253 450
001 2352120160
005 20231129020701.78
010    @a978-7-5472-1149-6@dCNY29.80
100    @a20141209d2012 em y0chiy50 ea
101 0  @achi
102    @aCN@b220000
105    @aac z 000yb
200 1  @a杨怀远@Ayang huai yuan@f夏冬波著
210    @a长春@c吉林文史出版社@d2012
215    @a126页@c肖像,照片@d22cm
225 2  @@a《100位新中国成立以来感动中国人物》丛书
410  0 @12001 @a《100位新中国成立以来感动中国人物》丛书
606 0  @a水路运输@x旅客运输@x乘务人员@x生平事迹@y中国@z现代
610 0  @a杨怀远(1937- )
690    @aK828.1=76@v5
690    @aK828.1@v4
701  0 @a夏冬波@Axia dong bo@f(1964-)@4著
801  0 @aCN@b91MARC@c20150426
905    @aZUCC@dK828.1@e12
    
    杨怀远/夏冬波著.-长春:吉林文史出版社,2012
    126页:肖像,照片;22cm.-(《100位新中国成立以来感动中国人物》丛书)
    
    
    ISBN 978-7-5472-1149-6:CNY29.80
    
●
相关链接 在五车中查询图书 在当当中查询图书 在豆瓣中查询图书


正题名:杨怀远     索取号:K828.1/12         预约/预借

序号 登录号 条形码 馆藏地/架位号 状态 备注
1 2000995595   2000995595   第四书库/四31架A面6层2列/ [索取号:K828.1/12] 在馆    
2 2000995596   2000995596   第四书库/四31架A面6层2列/ [索取号:K828.1/12] 在馆    
3 2000995597   2000995597   第四书库/四31架A面6层2列/ [索取号:K828.1/12] 在馆    
4 2000995598   2000995598   第四书库/四31架A面6层2列/ [索取号:K828.1/12] 在馆    
5 2000995599   2000995599   第四书库/四31架A面6层2列/ [索取号:K828.1/12] 在馆    
6 2000995600   2000995600   第四书库/四31架A面6层2列/ [索取号:K828.1/12] 在馆    
山东省滨州职业学院图书馆 欢迎您!
大连网信软件有限公司© 版权所有